| 000 | 004660000a22001930004500 | ||
|---|---|---|---|
| 001 | 000373 | ||
| 003 | MACL | ||
| 005 | 20151006153239.0 | ||
| 008 | 151006b xxu||||| |||| 00| 0 eng d | ||
| 040 |
_aMACL _cMACL |
||
| 041 | _aEnglish | ||
| 082 | _a910.07/SIN | ||
| 100 |
_aSinha, B.N. _913877 |
||
| 245 |
_aGeography Of Orrissa _cB.N. Sinha |
||
| 260 |
_aNew Delhi _c1999 _bNational Book Trust, |
||
| 350 | _a75 | ||
| 650 |
_aGeography _913916 |
||
| 942 |
_k910 _cBK _2ddc |
||
| 999 |
_c375 _d375 |
||